| 000 | 00955nam a22002537a 4500 | ||
|---|---|---|---|
| 005 | 20170124103017.0 | ||
| 010 | _aA-833081 | ||
| 020 |
_c150.00 _a8185829608 |
||
| 035 | _aA-833081 | ||
| 037 | _bCen Lib/Ret | ||
| 040 |
_aDPL _bHN |
||
| 082 |
_aक _bमेहरु |
||
| 100 |
_aमेहरुन्निसा परवेज़ _99382 |
||
| 245 |
_aअम्मा / _cमेहरुन्निसा परवेज़ |
||
| 246 |
_aAmma / _bby Mehrunnisa Parvez |
||
| 260 |
_aदिल्ली _bज्ञान गंगा _c1997 |
||
| 270 |
_aचावड़ी बाज़ार _bदिल्ली _e110006 |
||
| 300 |
_a155पृ. _c16सेमी (सजिल्द) |
||
| 650 |
_aहिन्दी साहित्य _959418 |
||
| 650 |
_aहिन्दी कहानियां _959419 |
||
| 650 |
_aHindi Literature _959420 |
||
| 650 |
_aHindi stories _959421 |
||
| 942 |
_2ddc _cHN _hक _mमेहरू |
||
| 999 |
_c115002 _d115002 |
||